[Event "LSS No Engine Cup 147 Preliminary 0"]
[Site "LSS email"]
[Date "2016.01.21"]
[Round "?"]
[White "Memo, Nino"]
[Black "Vogel, Helmut"]
[Result "0-1"]
[WhiteElo "1600"]
[BlackElo "1889"]
[PlyCount "84"]
[EventDate "2016.01.22"]
[EventType "tourn (corr)"]
[EventRounds "6"]
[EventCountry "GER"]
[SourceTitle "Corr 2022"]
[Source "ChessBase"]
[SourceDate "2021.10.24"]
[SourceVersion "1"]
[SourceVersionDate "2021.10.24"]
[SourceQuality "1"]

1. Nf3 Nf6 2. c4 c5 3. g3 Nc6 4. Bg2 g6 5. Nc3 Bg7 6. 0-0 0-0 7. d4 d6 8. dxc5 dxc5 9. Be3 Qa5 10. Qb3 Qb4 11. Na4 Qxb3 12. axb3 Nd7 13. Nxc5 Nxc5 14. Bxc5 Bxb2 15. Ra2 Bf6 16. Rd1 a5 17. Nd4 Nxd4 18. Bxd4 Bxd4 19. Rxd4 Ra7 20. c5 Kg7 21. Rad2 Be6 22. Bd5 Bxd5 23. Rxd5 Rc8 24. Rd7 Kf6 25. R2d5 Ke6 26. Rd8 Raa8 27. Rxc8 Rxc8 28. e4 f5 29. f3 fxe4 30. fxe4 Rc7 31. Kf2 Rd7 32. Rxd7 Kxd7 33. Ke3 Kc6 34. Kd3 Kxc5 35. Kc3 b5 36. g4 a4 37. bxa4 bxa4 38. e5 Kd5 39. Kb4 Kxe5 40. Kxa4 Kf4 41. g5 Ke4 42. Kb4 Kd4 0-1

[Event "LSS No Engine Cup 147 Preliminary 0"]
[Site "LSS email"]
[Date "2016.01.21"]
[Round "?"]
[White "Wilshusen, Horst"]
[Black "Memo, Nino"]
[Result "0-1"]
[WhiteElo "1717"]
[BlackElo "1600"]
[PlyCount "100"]
[EventDate "2016.01.22"]
[EventType "tourn (corr)"]
[EventRounds "6"]
[EventCountry "GER"]
[SourceTitle "Corr 2022"]
[Source "ChessBase"]
[SourceDate "2021.10.24"]
[SourceVersion "1"]
[SourceVersionDate "2021.10.24"]
[SourceQuality "1"]

1. b4 e5 2. Bb2 d6 3. e3 Nf6 4. c4 g6 5. Be2 c6 6. Nc3 Bg7 7. a4 0-0 8. a5 Na6 9. b5 cxb5 10. cxb5 Nc5 11. d4 exd4 12. exd4 Nce4 13. d5 Nxd5 14. Nxe4 Bxb2 15. Ra2 Nc3 16. Nxc3 Bxc3+ 17. Kf1 Bxa5 18. h4 Bc3 19. h5 Qf6 20. hxg6 fxg6 21. Nf3 Bd7 22. Ra3 Bb2 23. Re3 Rac8 24. Qd5+ Kg7 25. g3 Rc1+ 26. Kg2 Rxh1 27. Kxh1 Bc1 28. Re4 Bf5 29. Ra4 Qe6 30. Qxe6 Bxe6 31. Rxa7 Bd5 32. Kg1 Bxf3 33. Bxf3 Rxf3 34. Rxb7+ Kh6 35. Rc7 Ba3 36. b6 Rb3 37. b7 d5 38. Rd7 d4 39. Rxd4 Rxb7 40. Rd5 Rb2 41. Kg2 Rc2 42. Rd3 Bc5 43. Rf3 Kh5 44. Rf4 Rxf2+ 45. Rxf2 Bxf2 46. Kxf2 Kg4 47. Kg2 h5 48. Kh2 Kf3 49. Kh3 g5 50. Kh2 g4 0-1

[Event "LSS No Engine Cup 146 Preliminary 0"]
[Site "LSS email"]
[Date "2016.01.08"]
[Round "?"]
[White "Memo, Nino"]
[Black "Kraujunas, Vladas"]
[Result "0-1"]
[WhiteElo "1600"]
[BlackElo "1817"]
[PlyCount "110"]
[EventDate "2016.01.09"]
[EventType "tourn (corr)"]
[EventRounds "6"]
[EventCountry "GER"]
[SourceTitle "Corr 2022"]
[Source "ChessBase"]
[SourceDate "2021.10.24"]
[SourceVersion "1"]
[SourceVersionDate "2021.10.24"]
[SourceQuality "1"]

1. d4 Nf6 2. Nf3 g6 3. Bf4 d6 4. h3 Bg7 5. e3 0-0 6. Be2 Nbd7 7. 0-0 Qe8 8. Bh2 e5 9. c3 b6 10. Qc2 Bb7 11. a4 Qe7 12. b4 Rfe8 13. Rd1 a5 14. b5 Nd5 15. Nbd2 e4 16. Ne1 Qh4 17. Bg3 Qh6 18. Nf1 Ne7 19. Qb3 Nf8 20. Bg4 Qg5 21. Rac1 h5 22. Bf4 Qf6 23. Be2 Ne6 24. Bh2 Qg5 25. Bc4 Kh7 26. Qc2 Nf5 27. Ng3 Nxg3 28. Bxg3 h4 29. Bh2 Rad8 30. Qe2 f5 31. Bxe6 Rxe6 32. Nc2 Qh5 33. Qc4 Re7 34. d5 g5 35. Nd4 Bxd4 36. Qxd4 Rg8 37. Qd2 g4 38. Qe2 Qf7 39. hxg4 fxg4 40. Bf4 Bxd5 41. g3 Bc4 42. Qb2 Qh5 43. Kg2 h3+ 44. Kh2 Qf5 45. Qd2 Bb3 46. Re1 Bxa4 47. c4 Bb3 48. Qc3 a4 49. Ra1 Kg6 50. Red1 Bxd1 51. Rxd1 Ra8 52. Rd5 Re5 53. Rxe5 dxe5 54. Qxe5 Qxe5 55. Bxe5 a3 0-1

[Event "ZN-2015-0-03192"]
[Site "LSS email"]
[Date "2015.11.29"]
[Round "?"]
[White "Bearce, Harold L"]
[Black "Memo, Nino"]
[Result "0-1"]
[WhiteElo "359"]
[BlackElo "800"]
[PlyCount "32"]
[EventDate "2015.11.20"]
[EventType "match (corr)"]
[EventRounds "2"]
[EventCountry "GER"]
[SourceTitle "Corr 2022"]
[Source "ChessBase"]
[SourceDate "2021.10.24"]
[SourceVersion "1"]
[SourceVersionDate "2021.10.24"]
[SourceQuality "1"]

1. e4 e5 2. Nf3 Nf6 3. Nxe5 d6 4. Nf3 Nxe4 5. d4 d5 6. Bd3 Nc6 7. 0-0 Be7 8. a3 Bg4 9. Be3 0-0 10. Be2 Re8 11. Qe1 Bxf3 12. Bxf3 Bg5 13. Bxe4 Rxe4 14. Nc3 Re6 15. Qd2 Bxe3 16. Rfe1 Bxd2 0-1

[Event "OP-2015-0-03881"]
[Site "LSS email"]
[Date "2015.11.27"]
[Round "?"]
[White "Fuzishawa, Richard"]
[Black "Memo, Nino"]
[Result "1-0"]
[WhiteElo "2282"]
[BlackElo "800"]
[PlyCount "57"]
[EventDate "2015.11.22"]
[EventType "tourn (corr)"]
[EventRounds "4"]
[EventCountry "GER"]
[SourceTitle "Corr 2022"]
[Source "ChessBase"]
[SourceDate "2021.10.24"]
[SourceVersion "1"]
[SourceVersionDate "2021.10.24"]
[SourceQuality "1"]

1. e4 e5 2. Nf3 Nf6 3. Nxe5 d6 4. Nf3 Nxe4 5. d4 d5 6. Bd3 Nc6 7. 0-0 Be7 8. Re1 Bg4 9. c3 f5 10. Qb3 0-0 11. Nbd2 Na5 12. Qa4 Nc6 13. Bb5 Bh4 14. g3 Bf6 15. Bxc6 bxc6 16. Qxc6 Rb8 17. Qe6+ Kh8 18. Nxe4 dxe4 19. Ne5 Bxe5 20. Qxe5 Qd7 21. Bf4 Rfc8 22. Qa5 Rxb2 23. Rab1 Rxb1 24. Rxb1 Qc6 25. Qb5 Qxc3 26. h3 Bxh3 27. Kh2 c6 28. Qe5 Qc2 29. Bh6 1-0

[Event "OP-2015-0-03881"]
[Site "LSS email"]
[Date "2015.11.27"]
[Round "?"]
[White "Memo, Nino"]
[Black "Ederer, Karel"]
[Result "0-1"]
[WhiteElo "800"]
[BlackElo "1987"]
[PlyCount "90"]
[EventDate "2015.11.22"]
[EventType "tourn (corr)"]
[EventRounds "4"]
[EventCountry "GER"]
[SourceTitle "Corr 2022"]
[Source "ChessBase"]
[SourceDate "2021.10.24"]
[SourceVersion "1"]
[SourceVersionDate "2021.10.24"]
[SourceQuality "1"]

1. d4 d5 2. e3 Nf6 3. Bd3 g6 4. Nf3 Bg7 5. Nbd2 0-0 6. 0-0 c5 7. c3 Nfd7 8. Qe2 Nc6 9. e4 cxd4 10. exd5 Nc5 11. dxc6 dxc3 12. cxb7 Bxb7 13. Bc4 cxb2 14. Bxb2 Bxb2 15. Rad1 Qc7 16. Rb1 Bf6 17. Rfc1 Qd6 18. Qe3 Rac8 19. Rc2 Rc7 20. Rbc1 Rfc8 21. Ng5 Bxg5 22. Qxg5 Ne4 23. Nxe4 Bxe4 24. Bxf7+ Kxf7 25. Rxc7 Rxc7 26. h3 Rxc1+ 27. Qxc1 Bb7 28. Qh6 Kg8 29. Qe3 Qc6 30. Qb3+ Qd5 31. Qxd5+ Bxd5 32. a3 Kf7 33. f3 Ke6 34. Kf2 Ke5 35. Ke3 g5 36. Kf2 Kd4 37. Ke2 Kc3 38. g3 a5 39. Ke3 a4 40. f4 gxf4+ 41. gxf4 Kb3 42. Kd4 Bg2 43. h4 Kxa3 44. Kc3 Ka2 45. Kb4 a3 0-1

[Event "OP-2015-0-03881"]
[Site "LSS email"]
[Date "2015.11.27"]
[Round "?"]
[White "Memo, Nino"]
[Black "Velasco, Jose"]
[Result "0-1"]
[WhiteElo "800"]
[BlackElo "800"]
[PlyCount "132"]
[EventDate "2015.11.22"]
[EventType "tourn (corr)"]
[EventRounds "4"]
[EventCountry "GER"]
[SourceTitle "Corr 2022"]
[Source "ChessBase"]
[SourceDate "2021.10.24"]
[SourceVersion "1"]
[SourceVersionDate "2021.10.24"]
[SourceQuality "1"]

1. d4 Nf6 2. e3 d5 3. Bd3 c5 4. c3 Nc6 5. Nf3 Bg4 6. Be2 e6 7. 0-0 Bd6 8. Nbd2 Rc8 9. h3 Bh5 10. Ng5 Bg6 11. dxc5 Bxc5 12. b4 Bd6 13. Qa4 0-0 14. b5 Ne5 15. Ba3 Rxc3 16. Bxd6 Qxd6 17. Rfc1 Ra3 18. Qd4 Nd3 19. Bxd3 Rxd3 20. Qb2 Qa3 21. Qxa3 Rxa3 22. Rc7 b6 23. Ngf3 Rd8 24. Ne5 Ne8 25. Rcc1 Nd6 26. Nxg6 hxg6 27. Nb1 Ra5 28. a4 Nxb5 29. Nd2 Nd6 30. Nb3 Ra6 31. Rc6 Nc4 32. Nc5 Na5 33. Rxe6 fxe6 34. Nxa6 Rc8 35. Kf1 Rc4 36. Ke2 g5 37. Kd3 Kf7 38. f3 Ke7 39. e4 Kd6 40. g3 dxe4+ 41. fxe4 Kc6 42. Rb1 Rxa4 43. Nb4+ Kd6 44. Ke2 Nc4 45. Rd1+ Kc7 46. Nd3 Ra2+ 47. Kf3 Rd2 48. Rxd2 Nxd2+ 49. Ke3 Nb3 50. Ne5 a5 51. Kd3 b5 52. Nf3 Nc5+ 53. Kc2 b4 54. Nxg5 Kb6 55. Kb2 Kb5 56. Nf3 a4 57. e5 a3+ 58. Ka2 Ka4 59. Nd2 g5 60. Kb1 b3 61. h4 gxh4 62. gxh4 Kb4 63. h5 Nd3 64. h6 a2+ 65. Ka1 Kc3 66. Ne4+ Kc2 0-1

[Event "OP-2014-0-03529"]
[Site "LSS email"]
[Date "2014.10.18"]
[Round "?"]
[White "Memo, Nino"]
[Black "Firnhaber, Ingo"]
[Result "0-1"]
[WhiteElo "800"]
[BlackElo "2414"]
[PlyCount "84"]
[EventDate "2014.10.14"]
[EventType "tourn (corr)"]
[EventRounds "4"]
[EventCountry "GER"]
[SourceTitle "Corr 2015"]
[Source "ChessBase"]
[SourceDate "2015.07.17"]
[SourceVersion "1"]
[SourceVersionDate "2015.07.17"]
[SourceQuality "1"]

1. d4 Nf6 2. Nf3 e6 3. e3 d5 4. Bd3 c5 5. 0-0 Nc6 6. Bb5 Bd7 7. c3 Bd6 8. Nbd2 0-0 9. Qe2 a6 10. Bd3 c4 11. Bc2 e5 12. e4 exd4 13. Nxd4 Re8 14. Nxc6 bxc6 15. Rd1 Qc7 16. h3 Bf5 17. f3 Bg6 18. Kh1 Nh5 19. Nf1 f5 20. Be3 fxe4 21. fxe4 Rf8 22. Qd2 Qe7 23. Bd4 dxe4 24. Ba4 Rad8 25. Kg1 Rxf1+ 26. Kxf1 Bc7 27. Kg1 c5 28. Bf6 Qxf6 29. Qe2 Rd3 30. Qg4 Qe5 31. Rxd3 cxd3 32. Bb3+ c4 33. Bxc4+ Kh8 34. Qc8+ Be8 35. Qe6 Qh2+ 36. Kf2 Nf6 37. Bxd3 exd3 38. Rf1 Bf7 39. Qe3 Bg3+ 40. Qxg3 Ne4+ 41. Ke3 Qxg3+ 42. Kxe4 Qxg2+ 0-1

[Event "OP-2014-0-03529"]
[Site "LSS email"]
[Date "2014.10.18"]
[Round "?"]
[White "Vontina, Maria"]
[Black "Memo, Nino"]
[Result "0-1"]
[WhiteElo "612"]
[BlackElo "800"]
[PlyCount "96"]
[EventDate "2014.10.14"]
[EventType "tourn (corr)"]
[EventRounds "4"]
[EventCountry "GER"]
[SourceTitle "Corr 2015"]
[Source "ChessBase"]
[SourceDate "2015.07.17"]
[SourceVersion "1"]
[SourceVersionDate "2015.07.17"]
[SourceQuality "1"]

1. e4 c6 2. d4 d5 3. Nc3 dxe4 4. Nxe4 Nd7 5. Nf3 Ngf6 6. Nxf6+ Nxf6 7. Bc4 e6 8. 0-0 Qc7 9. c3 Bd6 10. Bg5 Ng4 11. h3 Nh2 12. Nxh2 Bxh2+ 13. Kh1 0-0 14. Qf3 Bd6 15. Rad1 Be7 16. Bxe7 Qxe7 17. Rfe1 Bd7 18. Bd3 f5 19. Bc4 Rf6 20. Re5 Kh8 21. Rde1 Qd6 22. Qe3 f4 23. Qe4 Re8 24. Qf3 Ref8 25. Bb3 Rf5 26. Qe4 Rxe5 27. Qxe5 Qxe5 28. Rxe5 Rf5 29. Rxf5 exf5 30. Kg1 g5 31. Kf1 Kg7 32. Ke2 Kf6 33. Kf3 Be8 34. Ke2 Bh5+ 35. f3 g4 36. Bc2 h6 37. b3 Bf7 38. c4 h5 39. Kd2 gxh3 40. gxh3 Kg5 41. Kc3 Kh4 42. Bxf5 Kg3 43. Kd3 Kxf3 44. Bc8 Bg6+ 45. Kd2 Be4 46. Bxb7 Kg2 47. d5 f3 48. d6 f2 0-1